000 00559cam a2200169 i 4500
020 _a0306706946
082 0 0 _a915.1
_bHUT
_cL-27, P-42
100 0 _aHutheesing, Raja
_946114
245 1 4 _aThe great peace :
_ban Asian's candid report on Red China /
_cby Raja Hutheesing.
260 _aNew York :
_bDa Capo Press,
_c1975, c1953.
300 _a246 p. ;
_c22 cm.
490 0 _aChina in the 20th century
500 _aReprint of the 1st ed. published by Harper, New York.
526 _a0
_b0
_c0
_d915_100000000000000_HUT
650 _aMCE
_9379
942 _2ddc
_cBK
999 _c549459
_d549459